| 000 | | | 04442nac2a22003131x 450 |
| 001 | | | d2279b32-13c0-4b8c-bdda-6decd6b94edb |
| 005 | | | 20131127112811.0 |
| 100 | ## | $a | 20130529l1905 k y0rusy50 ca |
| 101 | 0# | $a | rus |
| 102 | ## | $a | RU |
| 105 | ## | $a | y z ||||| |
| 200 | 1# | $a | Листовка Козловской группы. "В недалеком будущем Государственной Думе предстоит..." (анализ социально-экономического положения в стране) |
| | $j | [19--] |
| 215 | ## | $a | 3 листа |
| 251 | ## | $c | Дело |
| 300 | ## | $a | Заголовок дела на папке: Листовка Козловской группы. "В недалеком будущем Государственной Думе предстоит..." |
| 300 | ## | $a | Издана в Москве |
| 300 | ## | $a | 3 экземпляра |
| 300 | ## | $a | Листы 1, 2, 3: края сильно надорваны |
| 300 | ## | $a | Документы напечатаны типографским способом |
| 330 | ## | $a | IV. Предвыборные листовки, афиши, объявления кадетской партии; списки кандидатов в Государственную Думу и Учредительное собрание; 3) Листовки, обращения, воззвания к членам партии и населению провинциальных комитетов кадетской партии |
| 461 | #0 | $1 | 0011d649a3b-ccdf-484e-a423-ec64c785c8ed |
| | $1 | 2001 |
| | $a | Партия народной свободы (кадеты) |
| | $1 | 251 |
| | $c | Фонд |
| | $1 | 852 |
| | $j | 523 |
| 462 | #0 | $1 | 0018b9e8422-dd9e-4ea7-b938-3dc971685134 |
| | $1 | 2001 |
| | $a | Партия народной свободы (кадеты). 1905-1917 гг. |
| | $1 | 251 |
| | $c | Опись |
| | $1 | 852 |
| | $j | 2 |
| 517 | ## | $a | Листовка Козловской группы. "В недалеком будущем Государственной Думе предстоит..." |
| 601 | 02 | $3 | RU\NLR\AUTH\661232767 |
| | $a | Конституционно-демократическая партия |
| 601 | 02 | $a | Партия народной свободы. Козловская группа |
| 601 | 01 | $3 | RU\NLR\AUTH\8810039162 |
| | $a | Россия |
| | $b | Государственная Дума |
| 801 | #0 | $a | RU |
| | $b | GA_RF |
| 801 | #1 | $a | RU |
| | $b | НПО Опыт |
| | $c | 20130529 |
| | $2 | rusmarc |
| 801 | #2 | $a | RU |
| | $b | ПБ им. Б.Н. Ельцина |
| | $c | 20131127 |
| | $g | RCR |
| | $2 | rusmarc |
| 852 | ## | $a | ГА РФ |
| | $j | 253 |
| | $l | а |
| 937 | ## | $d | 42098173 |
| | $h | ПБ |
| 035 | ## | $a | RuPRLIB51000296 |